000 00361nam a2200133Ia 4500
005 20260328101529.0
008 260328s9999||||xx |||||||||||||| ||und||
100 _aCampanario, Gabriel
245 4 _aThe Art of Urban sketching :
_bDrawing on location around the word /
_cGabriel Campanario
260 _bQuarry
300 _a319 p.
650 _aARTE
942 _cBK
999 _c9916
_d9916